000 00531nam a22001937a 4500
999 _c2464
_d2464
003 AR-CdUCM
008 190304b ||||| |||| 00| 0 spa d
040 _aMUNICIPALIDAD PROVINCIAL DEL CUSCO
_cBIBLIOTECA MUNICIPAL DEL CUSCO
082 _a868.6 /
_bSA19
100 _aSampedro, José Luis
_98805
245 _aReal sitio /
260 _aBarcelona :
_bDestino,
_c1993.
300 _a589 páginas ;
_c25 cm.
650 _aNovela
_95
650 _aLiteratura
_983
650 _aSiglo XX
_98
942 _2ddc
_cLIBROS
945 _admma